Statistiques concernant Culture Générale - Série 376

Cliquez ici pour prendre le quiz!

Statistiques générales

  • Ce quiz a été pris 263 fois
  • Le résultat moyen est 8 sur 10

Statistiques - réponses

QuestionRéponse% Correct
Quel est le nom de la résidence officielle du président des Etats-Unis à Washington ?La Maison-Blanche
98%
Quel est le prénom de la Gitane dont Quasimodo est amoureux dans le roman "Notre-Dame de Paris" de Victor Hugo ?Esméralda
95%
Sur quelle île de la Méditerranée Napoléon 1er est-il né ?La Corse
94%
Quel appareil métallique, inventé par Benjamin Franklin, installe-t-on sur le toit des maisons pour les protéger de la foudre ?Le paratonnerre
94%
A la fin des années 1980, au sein de quel trio comique a-t-on pu découvrir Didier Bourdon ?Les Inconnus
91%
De quel groupe rock Freddie Mercury était-il le chanteur à partir des années 70 ?Queen
86%
En 1980, dans quel pays la reine Beatrix est-elle montée sur le trône ?Les Pays-Bas
75%
Le véritable nom du luthier dont les violons sont appelés "stradivarius" est Antonio...Stradivari
69%
Quel chorégraphe, né à Marseille en 1927, est décédé le 22 novembre 2007 ?Maurice Béjart
39%
Quel est le prénom du bébé expédié à Popeye et Olive par la poste ?Mimosa
19%

Distribution des résultats

Percentile par nombre de réponses

% des personnes avec chaque résultat

Votre développement - résultats

Vous n’avez pas pris ce quiz